The Last: Television Quiz Stats

 Plays Quiz Updated Oct 19, 2018

Score 0/15 Timer 06:00
2 Plays Today
Question Answer Wrong Answers
Which was the last of these animated shows to hit our screens? American Dad!
84.1%
The Simpsons
2.4%
Family Guy
6.3%
South Park
3.8%
In the McDonald's Big Mac jingle, what ingredient comes last? Sesame seed bun
80.7%
Onions
4.6%
Pickles
6.8%
Cheese
4.3%
What was the final message seen from the helicopter by Hawkeye in M.A.S.H.? GOODBYE
80.1%
COME BACK
6.3%
YOU SUCK
5.7%
JOHN 3:16
6.9%
Who wrote and plays the lead in The Last Man On Earth? Will Forte
76.8%
Piano Forte
4.5%
Rocco Forte
9.9%
Forte Winks
5.4%
What is Captain Picard playing with his crew in the last scene of Star Trek: TNG? Cards
76.3%
Strip Twister
2.3%
Beer pong
4.8%
Giant Jenga
13.4%
What were the last words spoken in Cheers? Sorry, we're closed.
75.6%
Time, gentlemen, please.
7.3%
Shut up, Cliff.
4.8%
Fill it again, Sam.
9.9%
Where was the last scene of Seinfeld set? A jail cell
74.9%
Elaine's apartment
11.1%
A diner
12.3%
A speedboat
1.5%
Who was the last to join the regular judges panel on American Idol? Katy Perry
74%
Paula Abdul
4.6%
Simon Cowell
1.6%
Jennifer Lopez
16.1%
Who says 'Thanks for that report, Stephen' at the end of the last episode of The Colbert Report? Jon Stewart
51.5%
Alex Trebek
7.3%
John Oliver
19.1%
Barack Obama
18.7%
Who were the last musical guests on Bill Grundy's Today show before his suspension? Sex Pistols
50.1%
Abba
21.1%
Madonna
12.3%
Alvin & the Chipmunks
12.7%
What is seen in the last shot of Blackadder Goes Forth? A field of poppies
43.8%
An empty trench
22.1%
A war memorial
14.1%
A statue of Baldrick
17.4%
Who was the last 'big bad' in Buffy the Vampire Slayer? The First Evil
42.1%
Glory
8.2%
Dark Willow
29.6%
Mayor Richard Wilkins
19%
Who was the last Doctor on Doctor Who to spend his entire career in black and white? Patrick Troughton
33.7%
Tom Baker
21.7%
William Hartnell
25.9%
Sylvester McCoy
16.9%
What is Don Draper doing in the last scene of Mad Men? Practicing yoga
30.1%
Smoking a cigarette
48.9%
Jumping from the roof
14.3%
Leading an office conga
3.7%
Who was last to leave the apartment on the series finale of Friends? Ross
19.9%
Rachel
18.8%
Joey
22.8%
Monica
35.1%

You're not logged in!

Compare scores with friends on all Sporcle quizzes.
OR
Log In

Sporcle TV

Today on Sporcle TV


Watch our educational content, quiz creation guides, and fun videos on Sporcle TV.

Show Comments

Extras

Top Quizzes Today


Score Distribution

Your Account Isn't Verified!

In order to create a playlist on Sporcle, you need to verify the email address you used during registration. Go to your Sporcle Settings to finish the process.

Report this User

Report this user for behavior that violates our Community Guidelines.

Details: